Katalog Plus
Bibliothek der Frankfurt UAS
Bald neuer Katalog: sichern Sie sich schon vorab Ihre persönlichen Merklisten im Nutzerkonto: Anleitung.

Microeconomics

Titel: Microeconomics : A Fresh Start / by Peter Dorman
Verfasser:
Ausgabe: 1st ed. 2014
Veröffentlicht: Berlin, Heidelberg : Springer Berlin Heidelberg, 2014
Umfang: 1 Online-Ressource (XI, 533 Seiten) : 116 illus.
Format: E-Book
Sprache: Englisch
Mehrbändiges Werk: Springer Texts in Business and Economics
RVK-Notation:
Schlagworte:
Andere Ausgaben: Erscheint auch als Druck-Ausgabe: Dorman, Peter. Microeconomics. - Berlin, Heidelberg : Springer Berlin Heidelberg, 2014
ISBN: 9783642374340 ; 3642374344 ; 9783642374333 ; 9783642374357 ; 9783662522493
Buchumschlag
X
alg: 34295911
001A    $01999:07-07-14 
001B    $01999:24-05-25 $t19:00:25.000 
001D    $01999:07-07-14 
001U    $0utf8 
001X    $00 
002@    $0Oax 
002C    $aText $btxt $2rdacontent 
002D    $aComputermedien $bc $2rdamedia 
002E    $aOnline-Ressource $bcr $2rdacarrier 
003@    $0342959115 
003O    $0885577214 $aOCoLC 
004A    $A978-3-642-37434-0 
004A    $03-642-37434-4 
004E/04 $0SpringerNature-11643 $fSubject Collection Business and Economics 
004E/04 $0SpringerNature-43720 $fSubject Collection Economics and Finance (R0) 
004O    $A978-3-642-37433-3 $Sp 
004O    $A978-3-642-37435-7 $Sp 
004O    $A978-3-662-52249-3 $Sp 
004P    $010.1007/978-3-642-37434-0 $SV613 
007A    $0342959115 $aHEB 
007I    $0Springer978-3-642-37434-0 
009P    $qtext/html $3Inhaltsverzeichnis $uhttp://scans.hebis.de/HEBCGI/show.pl?34295911_toc.html $mX:DE-He213 
009P    $qtext/html $3Ausführliche Beschreibung $uhttp://scans.hebis.de/HEBCGI/show.pl?34295911_aub.html $mX:DE-He213 
009Q    $SV613 $uhttps://doi.org/10.1007/978-3-642-37434-0 $xR 
010@    $aeng 
010E    $erda 
011@    $a2014 
013D    $RFachbuch $RSchulbuch $#College textbooks $#Lehrbuch $#Lehrbuch $#Kompendium Lehrbuch $74123623-3 $8Lehrbuch [Tsz] $908540926X 
017B    $aZDB-2-SBE 
017B    $aZDB-2-SXEF 
021A    $aMicroeconomics $dA Fresh Start $hby Peter Dorman 
028A    $aDorman $BVerfasser $dPeter $4aut 
032@    $a1st ed. 2014 
033A    $pBerlin, Heidelberg $nSpringer Berlin Heidelberg 
033E    $pCham $nSpringer International Publishing AG 
034D    $a1 Online-Ressource (XI, 533 Seiten) 
034M    $a116 illus. 
036G    $aSpringer Texts in Business and Economics $x2192-4341 
039D    $aErscheint auch als $tMicroeconomics $dBerlin, Heidelberg $eSpringer Berlin Heidelberg $f2014 $z978-3-642-37433-3 $lDorman, Peter $nDruck-Ausgabe 
044A    $aMicroeconomics $S#0 $N650 
044A    $aInternational economic relations $S#0 $N650 
044A    $aMicroeconomics $S14 $N650 
044A    $aInternational Political Economy’ $S24 $N650 
044K    $qDNB $RWirtschaftstheorie $RVolkswirtschaftslehre $#Microeconomics $#Microéconomie $#Microeconomía $#Mikroökonomik $#Mikroökonomie $#Mikroökonomie $#Mikroökonomik $74039225-9 $8Mikroökonomie [Ts1] $9085106909 
045B    $a338.5 $eDDC23eng 
045E    $c330 
045Z    $8QC 100 [Tkv] $9411124374 
047A    $aSacherschließung maschinell aus paralleler Ausg. übernommen 

lok: 34295911 5

exp: 34295911 5 1 #EPN
201B/01 $008-07-14 $t08:39:10.129 
201U/01 $0utf8 
203@/01 $0734457383 
204P/01 $010.1007/978-3-642-37434-0 $SV613 
208@/01 $a08-07-14 $bl 

lok: 34295911 10

exp: 34295911 10 1 #EPN
201B/01 $008-07-14 $t08:39:10.135 
201U/01 $0utf8 
203@/01 $0734457391 
204P/01 $010.1007/978-3-642-37434-0 $SV613 
208@/01 $a08-07-14 $bl 

lok: 34295911 20

exp: 34295911 20 1 #EPN
201B/01 $008-07-14 $t08:39:10.140 
201U/01 $0utf8 
203@/01 $0734457405 
204P/01 $010.1007/978-3-642-37434-0 $SV613 
208@/01 $a08-07-14 $bl 

lok: 34295911 21

exp: 34295911 21 1 #EPN
201B/01 $008-07-14 $t08:39:10.146 
201U/01 $0utf8 
203@/01 $0734457413 
204P/01 $010.1007/978-3-642-37434-0 $SV613 
208@/01 $a08-07-14 $bl 

lok: 34295911 23

exp: 34295911 23 1 #EPN
201B/01 $008-07-14 $t08:39:10.153 
201U/01 $0utf8 
203@/01 $0734457421 
204P/01 $010.1007/978-3-642-37434-0 $SV613 
208@/01 $a08-07-14 $bl
LEADER 00000cam a22000002c 4500
001 342959115
003 DE-603
005 20250524190025.0
007 cr||||||||||||
008 140707s2014 xx |||| o| u00||u|eng c
020 |a 9783642374340 
020 |a 3642374344 
024 7 |a 10.1007/978-3-642-37434-0  |2 doi 
028 5 2 |a SpringerNature-11643 
028 5 2 |a SpringerNature-43720 
035 |a (DE-599)HEB342959115 
035 |a (OCoLC)885577214 
040 |a DE-603  |b ger  |c DE-603  |d DE-603  |e rda 
041 |a eng 
082 7 |a 338.5  |2 23/eng 
084 |a 330  |q DE-101  |2 sdnb 
084 |a QC 100  |0 (DE-625)141244:  |0 (DE-603)411124374  |2 rvk 
100 1 |a Dorman, Peter  |e Verfasser  |4 aut 
245 0 0 |a Microeconomics  |b A Fresh Start  |c by Peter Dorman 
250 |a 1st ed. 2014 
264 1 |a Berlin, Heidelberg  |b Springer Berlin Heidelberg  |c 2014 
264 2 |a Cham  |b Springer International Publishing AG 
300 |a 1 Online-Ressource (XI, 533 Seiten)  |b 116 illus. 
336 |a Text  |b txt  |2 rdacontent 
337 |a Computermedien  |b c  |2 rdamedia 
338 |a Online-Ressource  |b cr  |2 rdacarrier 
490 0 |a Springer Texts in Business and Economics  |x 2192-4341 
650 7 |a Mikroökonomie  |0 (DE-588)4039225-9  |0 (DE-603)085106909  |2 gnd 
655 7 |a Lehrbuch  |2 gnd-content  |0 (DE-588)4123623-3  |0 (DE-603)08540926X 
776 0 8 |i Erscheint auch als  |n Druck-Ausgabe  |a Dorman, Peter  |t Microeconomics  |d Berlin, Heidelberg : Springer Berlin Heidelberg, 2014  |z 9783642374333 
776 1 |z 9783642374333 
776 1 |z 9783642374357 
776 1 |z 9783662522493 
856 |u https://doi.org/10.1007/978-3-642-37434-0  |x Resolving-System 
856 4 2 |m X:DE-He213  |q text/html  |u http://scans.hebis.de/HEBCGI/show.pl?34295911_toc.html  |3 Inhaltsverzeichnis 
856 4 2 |m X:DE-He213  |q text/html  |u http://scans.hebis.de/HEBCGI/show.pl?34295911_aub.html  |3 Ausführliche Beschreibung 
912 |a ZDB-2-SBE 
924 1 |9 603  |a (DE-603)734457383  |b DE-603  |c HES  |d d 
924 1 |9 603  |a (DE-603)734457391  |b DE-603  |c HES  |d d 
924 1 |9 603  |a (DE-603)734457405  |b DE-603  |c HES  |d d 
924 1 |9 603  |a (DE-603)734457413  |b DE-603  |c HES  |d d 
924 1 |9 603  |a (DE-603)734457421  |b DE-603  |c HES  |d d